Itinerario sentimental de la ciudad de Segovia o sea un paseo por sus calles en una noche de luna... / (Record no. 116586)

MARC details
000 -LEADER
campo de control de longitud fija 00648nam a2200181 i 4500
001 - NÚMERO DE CONTROL
campo de control 116586
003 - IDENTIFICADOR DE NÚMERO DE CONTROL
campo de control ES-MaACL
005 - FECHA Y HORA DE LA ÚLTIMA TRANSACCIÓN
campo de control 20230906190731.0
007 - CAMPO FIJO DE DESCRIPCIÓN FÍSICA--INFORMACIÓN GENERAL
campo de control de longitud fija t|
008 - DATOS DE LONGITUD FIJA--INFORMACIÓN GENERAL
campo de control de longitud fija 061121s1915 sp r ||||1| spa d
100 1# - ENTRADA PRINCIPAL--NOMBRE DE PERSONA
Nombre de persona Otero, Julian María.
9 (RLIN) 87894
245 10 - MENCIÓN DEL TÍTULO
Título Itinerario sentimental de la ciudad de Segovia o sea un paseo por sus calles en una noche de luna... /
Mención de responsabilidad, etc. Julian María Otero ; [ilustraciones Manuel Martí Alonso].
260 ## - PUBLICACIÓN, DISTRIBUCIÓN, ETC.
Lugar de publicación, distribución, etc. Segovia :
Nombre del editor, distribuidor, etc. Antonio San Martín,
Fecha de publicación, distribución, etc. 1915.
300 ## - DESCRIPCIÓN FÍSICA
Extensión 70 p. :
Otras características físicas il. ;
Dimensiones 15 cm.
651 #4 - PUNTO DE ACCESO ADICIONAL DE MATERIA--NOMBRE GEOGRÁFICO
Nombre geográfico Segovia-
Subdivisión general Descripción.
9 (RLIN) 9372
700 1# - ENTRADA AGREGADA--NOMBRE PERSONAL
Nombre de persona Martí Alonso, Manuel.
9 (RLIN) 160906
852 ## - LOCALIZACIÓN
Ubicación ES-MaACL
Número de control de estantería T-1459-F-8
Holdings
Estatus retirado Estado de pérdida Estado de daño No para préstamo Colección Biblioteca de origen Biblioteca actual Ubicación en estantería Fecha de adquisición Fuente de adquisición Total de préstamos Signatura topográfica completa Código de barras Visto por última vez Precio de reemplazo Tipo de ítem Koha
        Colección de folletos Biblioteca del Ateneo de Madrid Biblioteca del Ateneo de Madrid Depósito folletos 17/01/2008     T-1459-F-8 1121570 23/02/2023 23/02/2023 Folleto